[Event "RM-2022-0-00254"]
[Site "LSS email"]
[Date "2022.01.18"]
[Round "?"]
[White "Bjazevic, Pavao"]
[Black "Cirulis, Ilmars"]
[Result "1/2-1/2"]
[WhiteElo "2317"]
[BlackElo "2291"]
[PlyCount "41"]
[EventDate "2022.01.04"]
[EventType "tourn (corr)"]
[EventRounds "6"]
[EventCountry "GER"]
[SourceTitle "Corr 2024"]
[Source "ChessBase"]
[SourceDate "2023.10.19"]
[SourceVersion "1"]
[SourceVersionDate "2023.10.19"]
[SourceQuality "1"]

1. c4 c5 2. g3 Nf6 3. Bg2 d5 4. cxd5 Nxd5 5. Nc3 Nc7 6. Nf3 Nc6 7. 0-0 e5 8. a3 Rb8 9. Rb1 Be7 10. b4 cxb4 11. axb4 b5 12. Qc2 0-0 13. Nxb5 Nxb4 14. Rxb4 Bxb4 15. Nxc7 Ba5 16. Nxe5 Qxc7 17. Nc6 Bd7 18. d4 Bxc6 19. Bxc6 Bb4 20. Be3 a5 21. Rc1 1/2-1/2

[Event "RM-2022-0-00252"]
[Site "LSS email"]
[Date "2022.01.08"]
[Round "?"]
[White "Bernal Varela, Nelson"]
[Black "Bjazevic, Pavao"]
[Result "1/2-1/2"]
[WhiteElo "2402"]
[BlackElo "2316"]
[PlyCount "76"]
[EventDate "2021.12.15"]
[EventType "tourn (corr)"]
[EventRounds "6"]
[EventCountry "GER"]
[SourceTitle "Corr 2024"]
[Source "ChessBase"]
[SourceDate "2023.10.19"]
[SourceVersion "1"]
[SourceVersionDate "2023.10.19"]
[SourceQuality "1"]

1. e4 e5 2. Nf3 Nc6 3. Bb5 Nf6 4. 0-0 Nxe4 5. Re1 Nd6 6. Nxe5 Be7 7. Bf1 Nxe5 8. Rxe5 0-0 9. d4 Bf6 10. Re1 Re8 11. c3 Rxe1 12. Qxe1 Ne8 13. Bf4 d5 14. Nd2 Bf5 15. Qe2 c6 16. Re1 Nd6 17. Nb3 b6 18. Nd2 Qd7 19. Qf3 Re8 20. Rxe8+ Nxe8 21. Qe2 Be7 22. Bb8 Nd6 23. Qa6 Nc8 24. Nf3 f6 25. Nh4 Be4 26. g3 Bd6 27. Bxd6 Nxd6 28. Ng2 Bxg2 29. Kxg2 g6 30. Bd3 Ne4 31. Qa4 Ng5 32. Qd1 Qh3+ 33. Kg1 Kf7 34. Be2 h5 35. Qa4 Qf5 36. Qxa7+ Kf8 37. Qb8+ Kf7 38. Qa7+ Kf8 1/2-1/2

[Event "ST-2020-0-00144"]
[Site "LSS email"]
[Date "2020.04.23"]
[Round "?"]
[White "Susla, Vitaliy"]
[Black "Bjazevic, Pavao"]
[Result "1-0"]
[WhiteElo "2308"]
[BlackElo "2364"]
[PlyCount "37"]
[EventDate "2020.03.20"]
[EventType "tourn (corr)"]
[EventRounds "6"]
[EventCountry "GER"]
[SourceTitle "Corr 2022"]
[Source "ChessBase"]
[SourceDate "2021.10.24"]
[SourceVersion "1"]
[SourceVersionDate "2021.10.24"]
[SourceQuality "1"]

1. e4 e5 2. Nf3 d6 3. d4 exd4 4. Nxd4 Nf6 5. Nc3 Be7 6. Bf4 0-0 7. Qd2 c6 8. 0-0-0 b5 9. f3 b4 10. Na4 Bd7 11. g4 c5 12. Nf5 Bxa4 13. Nxe7+ Qxe7 14. Bxd6 Qe8 15. Bxc5 a5 16. Bxf8 Qxf8 17. e5 Nfd7 18. Qe3 Nc5 19. Bc4 1-0

[Event "ST-2020-0-00138"]
[Site "LSS email"]
[Date "2020.02.19"]
[Round "?"]
[White "Bjazevic, Pavao"]
[Black "Bernal Varela, Nelson"]
[Result "1/2-1/2"]
[WhiteElo "2357"]
[BlackElo "2386"]
[PlyCount "27"]
[EventDate "2020.01.31"]
[EventType "tourn (corr)"]
[EventRounds "6"]
[EventCountry "GER"]
[SourceTitle "Corr 2022"]
[Source "ChessBase"]
[SourceDate "2021.10.24"]
[SourceVersion "1"]
[SourceVersionDate "2021.10.24"]
[SourceQuality "1"]

1. g3 c5 2. Bg2 Nc6 3. c4 g6 4. Nc3 Bg7 5. e3 e6 6. Nge2 Nge7 7. 0-0 0-0 8. d4 cxd4 9. Nxd4 d5 10. cxd5 Nxd5 11. Nxd5 exd5 12. Ne2 Re8 13. Nf4 d4 14. Qb3 1/2-1/2

[Event "ZH-2012-0-00750"]
[Site "LSS email"]
[Date "2012.04.10"]
[Round "?"]
[White "Bjazevic, Pavao"]
[Black "Sherwood, Russell"]
[Result "0-1"]
[WhiteElo "2271"]
[BlackElo "2131"]
[PlyCount "54"]
[EventDate "2012.04.05"]
[EventType "match (corr)"]
[EventRounds "2"]
[EventCountry "GER"]
[SourceTitle "Corr 2015"]
[Source "ChessBase"]
[SourceDate "2015.07.17"]
[SourceVersion "1"]
[SourceVersionDate "2015.07.17"]
[SourceQuality "1"]

1. e4 e5 2. Nf3 Nc6 3. Bc4 Nf6 4. Ng5 d5 5. exd5 Na5 6. Bb5+ c6 7. dxc6 bxc6 8. Qf3 Be7 9. Bxc6+ Nxc6 10. Qxc6+ Bd7 11. Qf3 0-0 12. d3 Ng4 13. Nh3 Rc8 14. Nc3 Bc5 15. 0-0 f5 16. Kh1 Bd4 17. Qd1 f4 18. Ne4 f3 19. Nhg5 fxg2+ 20. Kxg2 Bb6 21. c3 Kh8 22. a4 a5 23. Qb3 Nf6 24. Ng3 Rb8 25. Qc4 Qe8 26. Qh4 Qg6 27. b3 h6 0-1

[Event "RM-2011-0-00086"]
[Site "LSS email"]
[Date "2011.12.19"]
[Round "?"]
[White "Bjazevic, Pavao"]
[Black "Mueller Alves, Martin"]
[Result "1/2-1/2"]
[WhiteElo "2285"]
[BlackElo "2328"]
[PlyCount "55"]
[EventDate "2011.11.17"]
[EventType "tourn (corr)"]
[EventRounds "6"]
[EventCountry "GER"]
[SourceTitle "Telechess CBM 155"]
[Source "ChessBase"]
[SourceDate "2013.07.16"]
[SourceVersion "1"]
[SourceVersionDate "2013.07.16"]
[SourceQuality "1"]

1. e4 d5 2. exd5 Nf6 3. d4 Nxd5 4. c4 Nb6 5. Nf3 g6 6. Nc3 Bg7 7. c5 Nd5 8. Bc4 Nxc3 9. bxc3 0-0 10. 0-0 b6 11. Ba3 bxc5 12. Qe2 Nd7 13. Ne5 Bb7 14. Rab1 Nxe5 15. dxe5 Bd5 16. f4 c6 17. Bxc5 Qc7 18. Bd3 Rad8 19. c4 Be6 20. Rb3 Rd7 21. Qe3 Rb8 22. Rfb1 Rxb3 23. Rxb3 h5 24. Kf2 Bh6 25. g3 Bf8 26. Ra3 Qb8 27. Rxa7 Rd8 28. Qe2 1/2-1/2

[Event "RM-2011-0-00086"]
[Site "LSS email"]
[Date "2011.12.19"]
[Round "?"]
[White "Johansen, Svein Age"]
[Black "Bjazevic, Pavao"]
[Result "1/2-1/2"]
[WhiteElo "2139"]
[BlackElo "2285"]
[PlyCount "75"]
[EventDate "2011.11.17"]
[EventType "tourn (corr)"]
[EventRounds "6"]
[EventCountry "GER"]
[SourceTitle "Telechess CBM 155"]
[Source "ChessBase"]
[SourceDate "2013.07.16"]
[SourceVersion "1"]
[SourceVersionDate "2013.07.16"]
[SourceQuality "1"]

1. e4 c5 2. Nf3 d6 3. Bb5+ Nd7 4. d4 cxd4 5. Qxd4 a6 6. Bxd7+ Bxd7 7. Nc3 e5 8. Qd3 h6 9. Be3 Nf6 10. 0-0 Rc8 11. Nd2 Qc7 12. Rac1 b5 13. Nd5 Nxd5 14. exd5 f5 15. c4 Be7 16. b4 0-0 17. c5 dxc5 18. Bxc5 e4 19. Qe2 Bd6 20. g3 Qb8 21. f4 exf3 22. Qxf3 Rce8 23. Rce1 f4 24. Rxe8 Bxe8 25. g4 Bxc5+ 26. bxc5 Qe5 27. Nb3 Bf7 28. Rd1 h5 29. h3 Rd8 30. d6 hxg4 31. hxg4 a5 32. d7 a4 33. c6 axb3 34. axb3 Be6 35. Rc1 Qc7 36. Re1 Qd6 37. Rc1 Rf8 38. Rd1 1/2-1/2

[Event "LSS WC-2012-T-00004"]
[Site "LSS email"]
[Date "2010.12.19"]
[Round "?"]
[White "Bjazevic, Pavao"]
[Black "Bernal Varela, Nelson"]
[Result "1/2-1/2"]
[WhiteElo "2287"]
[BlackElo "2350"]
[PlyCount "25"]
[EventDate "2010.12.18"]
[EventType "tourn (corr)"]
[EventRounds "10"]
[EventCountry "GER"]
[SourceTitle "Corr 2015"]
[Source "ChessBase"]
[SourceDate "2015.07.17"]
[SourceVersion "1"]
[SourceVersionDate "2015.07.17"]
[SourceQuality "1"]

1. d4 Nf6 2. c4 g6 3. g3 Bg7 4. Bg2 c5 5. Nf3 cxd4 6. Nxd4 Nc6 7. 0-0 0-0 8. Nc3 Ng4 9. e3 d6 10. b3 Nxd4 11. exd4 Nh6 12. Bb2 Nf5 13. d5 1/2-1/2

[Event "LSS WC-2012-T-00004"]
[Site "LSS email"]
[Date "2010.12.19"]
[Round "?"]
[White "Bjazevic, Pavao"]
[Black "Van Seben, Edgar"]
[Result "1/2-1/2"]
[WhiteElo "2287"]
[BlackElo "2426"]
[PlyCount "31"]
[EventDate "2010.12.18"]
[EventType "tourn (corr)"]
[EventRounds "10"]
[EventCountry "GER"]
[SourceTitle "Corr 2015"]
[Source "ChessBase"]
[SourceDate "2015.07.17"]
[SourceVersion "1"]
[SourceVersionDate "2015.07.17"]
[SourceQuality "1"]

1. d4 Nf6 2. c4 e6 3. g3 c5 4. Nf3 cxd4 5. Nxd4 d5 6. Bg2 e5 7. Nf3 d4 8. 0-0 Nc6 9. e3 Be7 10. exd4 exd4 11. Bf4 0-0 12. Ne5 Qb6 13. Re1 Be6 14. Qb3 Bb4 15. Rd1 Na5 16. Qa4 1/2-1/2

[Event "LSS WC-2011-T-00004"]
[Site "LSS email"]
[Date "2010.06.10"]
[Round "?"]
[White "Bjazevic, Pavao"]
[Black "Braun, Andreas"]
[Result "1/2-1/2"]
[WhiteElo "2311"]
[BlackElo "2360"]
[PlyCount "61"]
[EventDate "2010.06.15"]
[EventType "tourn (corr)"]
[EventRounds "10"]
[EventCountry "GER"]
[SourceTitle "Telechess CBM 147"]
[Source "ChessBase"]
[SourceDate "2012.03.16"]
[SourceVersion "1"]
[SourceVersionDate "2012.03.16"]
[SourceQuality "1"]

1. d4 Nf6 2. c4 e6 3. g3 d5 4. Nf3 Be7 5. Bg2 0-0 6. 0-0 dxc4 7. Qc2 a6 8. a4 Bd7 9. Qxc4 Bc6 10. Bg5 Bd5 11. Qc2 Be4 12. Qc1 h6 13. Bf4 Nd5 14. Nc3 Nxc3 15. bxc3 Nc6 16. Qe3 Bd5 17. Qd3 Na5 18. Rfb1 c5 19. e4 Bc4 20. Qd1 Rc8 21. h4 Bf6 22. Ne5 cxd4 23. cxd4 b5 24. Nxc4 bxc4 25. Be3 c3 26. Rc1 Qd7 27. Kh2 Rc4 28. e5 Be7 29. d5 exd5 30. Bxd5 Qf5 31. Bxc4 1/2-1/2

[Event "LSS WC-2011-T-00004"]
[Site "LSS email"]
[Date "2010.06.10"]
[Round "?"]
[White "Bjazevic, Pavao"]
[Black "Szabo, Vilmos"]
[Result "1-0"]
[WhiteElo "2331"]
[BlackElo "2331"]
[PlyCount "77"]
[EventDate "2010.06.15"]
[EventType "tourn (corr)"]
[EventRounds "10"]
[EventCountry "GER"]
[SourceTitle "Telechess CBM 143"]
[Source "ChessBase"]
[SourceDate "2011.07.15"]
[SourceVersion "1"]
[SourceVersionDate "2011.07.15"]
[SourceQuality "1"]

1. d4 Nf6 2. c4 e6 3. g3 d5 4. Bg2 dxc4 5. Nf3 a6 6. 0-0 Nc6 7. Nc3 Rb8 8. e4 Be7 9. Qe2 Nxd4 10. Nxd4 Qxd4 11. Rd1 Qc5 12. e5 Nd7 13. Ne4 Qb4 14. Qg4 Bf8 15. Bd2 Qxb2 16. a4 Qxe5 17. Qe2 Qf5 18. Qxc4 c5 19. Bf4 e5 20. Qd3 Qe6 21. Ng5 Qg6 22. Be4 Qf6 23. Bf5 Qe7 24. Re1 f6 25. Rad1 Ra8 26. Bxe5 Nxe5 27. Rxe5 Bxf5 28. Rxe7+ Bxe7 29. Qxf5 fxg5 30. Rd7 Rf8 31. Qe6 Rf7 32. Rxb7 Kf8 33. Qe4 Re8 34. Qxh7 Rf6 35. Qh8+ Kf7 36. Qh5+ Kf8 37. Qxg5 Rd8 38. Qg4 a5 39. Rc7 1-0

[Event "LSS WC-2011-T-00004"]
[Site "LSS email"]
[Date "2010.06.10"]
[Round "?"]
[White "Daurelle, Herve"]
[Black "Bjazevic, Pavao"]
[Result "1/2-1/2"]
[WhiteElo "2137"]
[BlackElo "2311"]
[PlyCount "74"]
[EventDate "2010.06.15"]
[EventType "tourn (corr)"]
[EventRounds "10"]
[EventCountry "GER"]
[SourceTitle "Telechess CBM 147"]
[Source "ChessBase"]
[SourceDate "2012.03.16"]
[SourceVersion "1"]
[SourceVersionDate "2012.03.16"]
[SourceQuality "1"]

1. e4 g6 2. d4 Bg7 3. Nf3 d6 4. Bc4 Nf6 5. Qe2 0-0 6. 0-0 Bg4 7. Nbd2 Nc6 8. c3 e5 9. h3 Bxf3 10. Nxf3 exd4 11. cxd4 d5 12. exd5 Nxd5 13. Rd1 Re8 14. Qc2 Qd6 15. Bg5 Nb6 16. Bb5 Nb4 17. Qc5 Re6 18. Bf1 Bf8 19. Bd2 N4d5 20. Qc2 c6 21. Re1 Nc7 22. a4 Rxe1 23. Rxe1 Ne6 24. a5 Nd5 25. Rc1 Rc8 26. Qb3 Rc7 27. Bc4 Bg7 28. Re1 Re7 29. Re4 h6 30. h4 b5 31. axb6 axb6 32. Qa2 b5 33. Bb3 Kh7 34. h5 g5 35. Bc2 Kg8 36. Bb3 Re8 37. Qa7 Qe7 1/2-1/2

[Event "LSS WC-2011-T-00004"]
[Site "LSS email"]
[Date "2010.06.10"]
[Round "?"]
[White "Dvoinikov, Andrey Nikolaevich"]
[Black "Bjazevic, Pavao"]
[Result "1-0"]
[WhiteElo "2409"]
[BlackElo "2311"]
[PlyCount "53"]
[EventDate "2010.06.15"]
[EventType "tourn (corr)"]
[EventRounds "10"]
[EventCountry "GER"]
[SourceTitle "Telechess CBM 147"]
[Source "ChessBase"]
[SourceDate "2012.03.16"]
[SourceVersion "1"]
[SourceVersionDate "2012.03.16"]
[SourceQuality "1"]

1. e4 g6 2. d4 Bg7 3. Nc3 d6 4. Be3 Nf6 5. Qd2 c6 6. Nf3 Bg4 7. Be2 0-0 8. h3 Bxf3 9. Bxf3 Nbd7 10. 0-0 Rc8 11. Rad1 b5 12. g4 Nb6 13. b3 e6 14. Ne2 Nfd7 15. Bg2 d5 16. e5 c5 17. f4 cxd4 18. Nxd4 a6 19. f5 Re8 20. Nxe6 fxe6 21. f6 Rf8 22. fxg7 Rxf1+ 23. Rxf1 Kxg7 24. Qb4 Rc6 25. Rf2 Kh8 26. Qa3 Nc8 27. c4 1-0